[Event "22ème Open de Saint-Affrique"]
[Site "Saint Affrique (12)"]
[Date "2014.07.25"]
[Round "8.4"]
[White "Julian, Stephane"]
[Black "Mullon, Jean-Baptiste"]
[Result "0-1"]
[WhiteElo "2050"]
[BlackElo "2436"]
[PlyCount "108"]
[EventDate "2014.??.??"]
[Source "Sylvain Rivier"]
[SourceDate "2014.07.26"]

1. e4 e6 2. d4 d5 3. Nd2 a6 4. Bd3 Nf6 5. e5 Nfd7 6. Ne2 c5 7. c3 Nc6 8. O-O b5
9. f4 Qb6 10. Nf3 f5 11. exf6 gxf6 12. a4 bxa4 13. Kh1 Bb7 14. c4 dxc4 15. Bxc4
Na5 16. Qxa4 Nxc4 17. Qxc4 Bd5 18. Qd3 c4 19. Qe3 Bh6 20. Nc3 O-O 21. Nh4 f5
22. Qh3 Qc6 23. Nxd5 Qxd5 24. Nxf5 exf5 25. Qxh6 Rf6 26. Qh5 Rb8 27. Qf3 Qxf3
28. Rxf3 Rd6 29. Bd2 Rxb2 30. Bc3 Rb3 31. h3 Nf6 32. d5 Ne4 33. Be5 Rxd5 34.
Rxa6 Rb1+ 35. Kh2 Rdd1 36. Rg3+ Nxg3 37. Kxg3 Rd2 38. Rc6 Rc1 39. Rc7 c3 40.
Kh4 Rxg2 41. Rxc3 Rxc3 42. Bxc3 Kf7 43. Be5 Ke6 44. Bb8 Kd5 45. Be5 Ke4 46. Bb8
Rb2 47. Be5 Rb3 48. Bc7 Rf3 49. Bb8 Rxf4+ 50. Kg5 Rf3 51. h4 Rh3 52. Bc7 f4 53.
h5 f3 54. Bg3 Kd3 0-1

[Event "22ème Open de Saint-Affrique"]
[Site "Saint Affrique (12)"]
[Date "2014.07.25"]
[Round "8.5"]
[White "Meunier, Clement"]
[Black "Oganisian, Roman"]
[Result "0-1"]
[WhiteElo "2132"]
[BlackElo "2245"]
[PlyCount "80"]
[EventDate "2014.??.??"]
[Source "Sylvain Rivier"]
[SourceDate "2014.07.26"]

1. d4 Nf6 2. c4 c5 3. d5 a6 4. Nc3 b5 5. cxb5 axb5 6. Nxb5 Ba6 7. Nc3 g6 8. g3
d6 9. Bg2 Bg7 10. Nf3 O-O 11. O-O Nbd7 12. h3 Ra7 13. Qc2 Qa8 14. Rd1 Bc4 15.
e4 Rb8 16. Bg5 Bb3 17. Qe2 Bxd1 18. Rxd1 Ne8 19. Ra1 Rab7 20. Bc1 Bxc3 21. bxc3
Rb1 22. Qc2 Rxa1 23. Bf1 Qxa2 24. Qxa2 Rxa2 25. Bg5 f6 26. Be3 Nc7 27. h4 Rc2
28. c4 Ne5 29. Nxe5 fxe5 30. f4 exf4 31. Bxf4 Na8 32. e5 dxe5 33. Bxe5 Nb6 34.
d6 exd6 35. Bxd6 Nxc4 36. Bxc5 Nd2 37. Bf2 Rc1 38. Be3 Rxf1+ 39. Kg2 Rbb1 40.
Bxd2 Rb2 0-1

[Event "22ème Open de Saint-Affrique"]
[Site "Saint Affrique (12)"]
[Date "2014.07.25"]
[Round "8.6"]
[White "Grosse, Ludovic"]
[Black "Karpatchev, Aleksandr"]
[Result "0-1"]
[WhiteElo "1903"]
[BlackElo "2442"]
[PlyCount "38"]
[EventDate "2014.??.??"]
[Source "Sylvain Rivier"]
[SourceDate "2014.07.26"]

1. d4 d5 2. c4 dxc4 3. Nc3 e5 4. dxe5 Qxd1+ 5. Kxd1 Be6 6. g3 Nc6 7. Nf3 O-O-O+
8. Bd2 h6 9. Bg2 g5 10. h3 Nge7 11. Kc1 Ng6 12. Ne4 Bf5 13. Nf6 Bc5 14. e3
Ngxe5 15. Ne1 Rd6 16. Ne4 Bxe4 17. Bxe4 Rhd8 18. b4 Rxd2 19. bxc5 Rd1+ 0-1

[Event "22ème Open de Saint-Affrique"]
[Site "Saint Affrique (12)"]
[Date "2014.07.25"]
[Round "8.7"]
[White "Kukov, Velislav"]
[Black "Dussol, Pierre"]
[Result "1-0"]
[WhiteElo "2369"]
[BlackElo "2156"]
[PlyCount "67"]
[EventDate "2014.??.??"]
[Source "Sylvain Rivier"]
[SourceDate "2014.07.26"]

1. d4 g6 2. Nf3 Bg7 3. g3 Nf6 4. Bg2 O-O 5. O-O d6 6. a4 Nbd7 7. a5 a6 8. Nc3
e5 9. dxe5 dxe5 10. e4 Re8 11. Qe2 Qe7 12. Rd1 b5 13. axb6 cxb6 14. Nd2 Bh6 15.
b3 Qc5 16. Bb2 b5 17. Nf1 Bb7 18. Ne3 Bxe3 19. fxe3 Rac8 20. Rd2 Qc7 21. Nd5
Nxd5 22. exd5 Qd6 23. e4 b4 24. Rf1 Rc7 25. Qf3 Nb6 26. Rdf2 f5 27. exf5 Nxd5
28. Qd3 gxf5 29. Rd1 e4 30. Qd4 Qe6 31. Rdf1 Ne7 32. Qh8+ Kf7 33. Qe5 Bc6 34.
Bxe4 1-0

[Event "22ème Open de Saint-Affrique"]
[Site "Saint Affrique (12)"]
[Date "2014.07.25"]
[Round "8.8"]
[White "Benmesbah, Natacha"]
[Black "Riviere, Gerard"]
[Result "1-0"]
[WhiteElo "2224"]
[BlackElo "1791"]
[PlyCount "55"]
[EventDate "2014.??.??"]
[Source "Sylvain Rivier"]
[SourceDate "2014.07.26"]

1. e4 c5 2. Nf3 d6 3. Bb5+ Bd7 4. Bxd7+ Qxd7 5. O-O Nc6 6. Re1 g6 7. c3 Bg7 8.
d4 cxd4 9. cxd4 Nf6 10. Nc3 O-O 11. Bg5 e6 12. Qd2 Rac8 13. Rad1 a6 14. Qf4 Nh5
15. Qh4 f6 16. Bc1 f5 17. d5 Ne5 18. Nd4 exd5 19. exf5 Bf6 20. Bg5 Bxg5 21.
Qxg5 Rc4 22. Nxd5 Nc6 23. Nxc6 bxc6 24. Nb6 Rxf5 25. Qe3 Qf7 26. Qe8+ Qxe8 27.
Rxe8+ Kf7 28. Nxc4 1-0

[Event "22ème Open de Saint-Affrique"]
[Site "Saint Affrique (12)"]
[Date "2014.07.25"]
[Round "8.9"]
[White "Sanchez, Nicolas"]
[Black "Del Valle, Julie"]
[Result "1-0"]
[WhiteElo "2178"]
[BlackElo "1530"]
[PlyCount "133"]
[EventDate "2014.??.??"]
[Source "Sylvain Rivier"]
[SourceDate "2014.07.26"]

1. d4 Nf6 2. Nf3 b6 3. g3 Bb7 4. Bg2 e6 5. O-O Be7 6. c4 O-O 7. Nc3 d5 8. cxd5
exd5 9. Bf4 a6 10. Rc1 c5 11. dxc5 Bxc5 12. Na4 Nbd7 13. Ne5 Rc8 14. Bh3 Qe7
15. Nxd7 Nxd7 16. Qb3 f5 17. Nxc5 Nxc5 18. Qxb6 Rc6 19. Qb4 Rf7 20. Bg2 Ne4 21.
Qxe7 Rxe7 22. Rfd1 Kf7 23. Be3 Rec7 24. Rxc6 Bxc6 25. Rc1 Rc8 26. Bd4 Bb7 27.
Rxc8 Bxc8 28. Kf1 Bd7 29. Ke1 g6 30. b3 Ke6 31. f3 Nd6 32. Kd2 Bb5 33. Bb6 Nc8
34. Bc5 Nd6 35. a4 Bc6 36. Kc3 Nb7 37. Bb6 Kd6 38. e3 Nc5 39. Ba5 Ke5 40. Bb4
Nd7 41. Bf1 Bb7 42. Bd3 Nb8 43. Bc5 Nc6 44. b4 Ke6 45. f4 Nb8 46. b5 axb5 47.
Bxb5 Na6 48. Kd4 Nc7 49. Bd3 Na6 50. Ba3 Bc8 51. a5 Bb7 52. Bb5 Nb8 53. Bc5
Nc6+ 54. Bxc6 Bxc6 55. Bf8 Ba8 56. Kc5 Kd7 57. Bg7 Bb7 58. Kb6 Kc8 59. Be5 Ba8
60. a6 Kd7 61. Ka7 Bc6 62. Kb8 Bb7 63. a7 Bc6 64. a8=Q Bxa8 65. Kxa8 Kd8 66.
Kb7 Kd7 67. Kb6 1-0

[Event "22ème Open de Saint-Affrique"]
[Site "Saint Affrique (12)"]
[Date "2014.07.25"]
[Round "8.10"]
[White "Bizeul, Pierre"]
[Black "Navarro, Robin"]
[Result "0-1"]
[WhiteElo "1757"]
[BlackElo "1906"]
[PlyCount "68"]
[EventDate "2014.??.??"]
[Source "Sylvain Rivier"]
[SourceDate "2014.07.26"]

1. e4 g6 2. d4 Bg7 3. Nc3 d6 4. Be3 Nd7 5. Qd2 a6 6. f3 b5 7. g4 Bb7 8. O-O-O
Rc8 9. Kb1 Nb6 10. a3 c6 11. h4 h5 12. g5 d5 13. f4 e6 14. f5 Bf8 15. Nh3 b4
16. axb4 Bxb4 17. fxe6 fxe6 18. Qd3 Ne7 19. Nf4 Nc4 20. Na2 Qb6 21. Nxb4 Qxb4
22. Bc1 Rb8 23. b3 Bc8 24. Nxg6 a5 25. Nxe7 Kxe7 26. exd5 cxd5 27. Qg3 a4 28.
Bxc4 dxc4 29. Ba3 Qxa3 30. Qxb8 Bd7 31. Qxh8 c3 32. Qg7+ Kd8 33. Qh8+ Be8 34.
Qf6+ Kc7 0-1

[Event "22ème Open de Saint-Affrique"]
[Site "Saint Affrique (12)"]
[Date "2014.07.25"]
[Round "8.11"]
[White "Baudewyn, Ludovic"]
[Black "Mania, Clement"]
[Result "0-1"]
[WhiteElo "1843"]
[BlackElo "2177"]
[PlyCount "64"]
[EventDate "2014.??.??"]
[Source "Sylvain Rivier"]
[SourceDate "2014.07.26"]

1. d4 d5 2. c4 e5 3. dxe5 d4 4. Nf3 Nc6 5. g3 Bg4 6. Bg2 Qd7 7. O-O Bh3 8. Qb3
Bxg2 9. Kxg2 O-O-O 10. Rd1 Qf5 11. Qd3 Qe6 12. Ng5 Qd7 13. Nf3 Nge7 14. Bg5 h6
15. Bxe7 Bxe7 16. Nbd2 h5 17. h4 Kb8 18. Ne4 Qe6 19. Neg5 Bxg5 20. Nxg5 Qe7 21.
f4 f6 22. exf6 gxf6 23. Nf3 Nb4 24. Qd2 Qe4 25. Kh2 Nc2 26. Rac1 Ne3 27. Qd3
Qc6 28. Rg1 Ng4+ 29. Kg2 Rhe8 30. Qd2 Re3 31. Rc3 d3 32. Re1 Kc8 0-1

[Event "22ème Open de Saint-Affrique"]
[Site "Saint Affrique (12)"]
[Date "2014.07.25"]
[Round "8.12"]
[White "Roubaud, Alexandre"]
[Black "Husson, Cybele"]
[Result "1-0"]
[WhiteElo "2171"]
[BlackElo "1919"]
[PlyCount "85"]
[EventDate "2014.??.??"]
[Source "Sylvain Rivier"]
[SourceDate "2014.07.26"]

1. e4 b6 2. d4 Bb7 3. Bd3 Nf6 4. Nc3 e6 5. Nge2 Nc6 6. a3 e5 7. dxe5 Nxe5 8. h3
Nxd3+ 9. Qxd3 d5 10. e5 Ne4 11. Nxe4 dxe4 12. Qg3 Qd5 13. O-O O-O-O 14. Bf4 Qe6
15. Rad1 Qg6 16. Rxd8+ Kxd8 17. Rd1+ Kc8 18. Re1 Be7 19. b4 a5 20. bxa5 bxa5
21. Qe3 Qc6 22. Rb1 Qc5 23. Qb3 Qb6 24. Qa2 Qe6 25. Qb2 Qb6 26. Qc1 Qc5 27. Rb3
Bd5 28. Rc3 Qb6 29. Be3 Qa6 30. Nd4 Rd8 31. Qb1 Qb7 32. Qf1 Kd7 33. Nf5 Bf8 34.
Bg5 Rb8 35. Kh2 Qb2 36. Qe1 Bxa3 37. Qd2 c6 38. Ne3 Bb4 39. Nxd5 Bxc3 40. Nxc3+
Kc8 41. Qd8+ Kb7 42. Qd7+ Kb6 43. Na4+ 1-0

[Event "22ème Open de Saint-Affrique"]
[Site "Saint Affrique (12)"]
[Date "2014.07.25"]
[Round "8.13"]
[White "Youssoupov, Moisse"]
[Black "Clair, Michael"]
[Result "1-0"]
[WhiteElo "2169"]
[BlackElo "1806"]
[PlyCount "65"]
[EventDate "2014.??.??"]
[Source "Sylvain Rivier"]
[SourceDate "2014.07.26"]

1. d4 Nf6 2. Bg5 Ne4 3. Bf4 c5 4. f3 Qa5+ 5. c3 Nf6 6. d5 e6 7. e4 Qb6 8. b3 d6
9. a4 Be7 10. Na3 exd5 11. exd5 O-O 12. Nc4 Qd8 13. Ne2 Re8 14. Kf2 Bf8 15. Ng3
h6 16. Qd3 g5 17. Bd2 Qd7 18. Be2 b5 19. axb5 Qxb5 20. h4 g4 21. Bd1 h5 22. Bc2
Nbd7 23. Nxh5 Ba6 24. Qf5 g3+ 25. Kg1 Re2 26. Qg5+ Kh8 27. Nxf6 Nxf6 28. Qxf6+
Bg7 29. Qf5 Kg8 30. Qh7+ Kf8 31. Bh6 Rae8 32. Qxg7+ Ke7 33. Qxg3 1-0

[Event "22ème Open de Saint-Affrique"]
[Site "Saint Affrique (12)"]
[Date "2014.07.25"]
[Round "8.14"]
[White "Coquelle, Arnaud"]
[Black "Duff, Rufus"]
[Result "0-1"]
[WhiteElo "1760"]
[BlackElo "2113"]
[PlyCount "75"]
[EventDate "2014.??.??"]
[Source "Sylvain Rivier"]
[SourceDate "2014.07.26"]

1. b4 e5 2. a3 Nf6 3. Bb2 d6 4. c4 g6 5. e3 Bg7 6. Nf3 O-O 7. Be2 e4 8. Nd4 c5
9. Nb3 Qe7 10. d4 exd3 11. Bxd3 Nc6 12. b5 Ne5 13. Be2 b6 14. N1d2 Bb7 15. Nf3
Rad8 16. Nbd2 Nxf3+ 17. Bxf3 d5 18. O-O dxc4 19. Bxb7 Qxb7 20. Qc2 Qd7 21. Nxc4
Qxb5 22. a4 Qc6 23. a5 b5 24. Ne5 Qc7 25. Nd3 Rxd3 26. Qxd3 Ng4 27. g3 Bxb2 28.
Rab1 Bg7 29. Qxb5 Rc8 30. Rfd1 Nf6 31. a6 c4 32. Qb7 Qe5 33. Rb5 Qf5 34. Qxa7
Ne4 35. Rd7 c3 36. Rbb7 c2 37. Rxf7 c1=Q+ 38. Kg2 0-1

[Event "22ème Open de Saint-Affrique"]
[Site "Saint Affrique (12)"]
[Date "2014.07.25"]
[Round "8.15"]
[White "Flaujac, Benoit"]
[Black "Ringuet, Noe"]
[Result "0-1"]
[WhiteElo "1702"]
[BlackElo "2070"]
[PlyCount "80"]
[EventDate "2014.??.??"]
[Source "Sylvain Rivier"]
[SourceDate "2014.07.26"]

1. e4 Nf6 2. e5 Nd5 3. d4 d6 4. c4 Nb6 5. exd6 cxd6 6. Nc3 g6 7. Nf3 Bg7 8. Be3
Nc6 9. Be2 Bg4 10. b3 d5 11. c5 Nc8 12. h3 Bxf3 13. Bxf3 e6 14. O-O Qf6 15. Ne2
N8e7 16. Qd2 h6 17. b4 Nf5 18. Rfd1 a6 19. a4 O-O 20. Rab1 Kh7 21. b5 axb5 22.
axb5 Na5 23. Nf4 Nc4 24. Qc1 Ra3 25. Nxd5 exd5 26. Bxd5 Ncxe3 27. fxe3 Rxe3 28.
Bxb7 Qe7 29. c6 Bxd4 30. Rxd4 Nxd4 31. Kh2 Nxb5 32. Ba6 Nc7 33. Bf1 Qe4 34. Kg1
Re8 35. Rb7 Qd4 36. Kh2 Re1 37. Qc4 Qxc4 38. Bxc4 R8e7 39. Bb3 Rc1 40. Ba4 Kg7
0-1

[Event "22ème Open de Saint-Affrique"]
[Site "Saint Affrique (12)"]
[Date "2014.07.25"]
[Round "8.16"]
[White "Cazottes, Guillaume"]
[Black "Van Lerberghe, Luc"]
[Result "1-0"]
[WhiteElo "2014"]
[BlackElo "1830"]
[PlyCount "90"]
[EventDate "2014.??.??"]
[Source "Sylvain Rivier"]
[SourceDate "2014.07.26"]

1. e4 c5 2. Nc3 d6 3. Bc4 Nf6 4. f4 Nc6 5. Nf3 e6 6. d3 Be7 7. O-O O-O 8. Kh1
a6 9. a4 Rb8 10. Qe1 d5 11. Ba2 d4 12. Ne2 b5 13. Qg3 Bb7 14. Qh3 Nb4 15. Bb1
Nxe4 16. dxe4 Bxe4 17. Ne5 Bxc2 18. Bd2 d3 19. Nc1 Bf6 20. Bxb4 Bxe5 21. fxe5
cxb4 22. Nxd3 b3 23. axb5 axb5 24. Nb4 Rc8 25. Bxc2 bxc2 26. Rac1 Qd4 27. Qb3
Qxe5 28. Rxc2 Rxc2 29. Qxc2 Qd4 30. Qc3 Rd8 31. Qxd4 Rxd4 32. Rc1 g5 33. Nc6
Rd2 34. b4 Kg7 35. h3 f5 36. Rc5 Rd5 37. Rxd5 exd5 38. Kg1 Kf6 39. Kf2 Ke6 40.
Ke3 f4+ 41. Kd3 h5 42. Nd4+ Kd7 43. Nxb5 g4 44. h4 g3 45. Nd4 Kd6 1-0

[Event "22ème Open de Saint-Affrique"]
[Site "Saint Affrique (12)"]
[Date "2014.07.25"]
[Round "8.17"]
[White "Prieu, Arnaud"]
[Black "Billiar-Bourgy, Vincent"]
[Result "0-1"]
[WhiteElo "1572"]
[BlackElo "1959"]
[PlyCount "60"]
[EventDate "2014.??.??"]
[Source "Sylvain Rivier"]
[SourceDate "2014.07.26"]

1. e4 c5 2. Nc3 Nc6 3. f4 d6 4. Nf3 g6 5. d3 Bg7 6. Be3 Nf6 7. h3 Rb8 8. g4 h5
9. g5 Nd7 10. Bg2 b5 11. d4 b4 12. Ne2 Ba6 13. dxc5 dxc5 14. e5 Qb6 15. Qd5 e6
16. Qd2 Rd8 17. Qc1 Bxe2 18. Kxe2 Qb5+ 19. Kf2 Nb6 20. Bf1 Qa5 21. Nd2 Nd4 22.
Nb3 Qa4 23. c3 bxc3 24. bxc3 Nxb3 25. axb3 Qxb3 26. Bxc5 Bf8 27. Rb1 Bxc5+ 28.
Kg3 Qd5 29. Qc2 O-O 30. Be2 Qd2 0-1

[Event "22ème Open de Saint-Affrique"]
[Site "Saint Affrique (12)"]
[Date "2014.07.25"]
[Round "8.18"]
[White "Herry, Serwan"]
[Black "Vignette, Jeanne"]
[Result "1/2-1/2"]
[WhiteElo "1936"]
[BlackElo "1758"]
[PlyCount "103"]
[EventDate "2014.??.??"]
[Source "Sylvain Rivier"]
[SourceDate "2014.07.26"]

1. d4 Nf6 2. c4 c5 3. d5 b5 4. cxb5 a6 5. e3 g6 6. Nc3 Bg7 7. a4 O-O 8. Nf3 Bb7
9. bxa6 Nxa6 10. Bc4 e6 11. e4 exd5 12. exd5 Re8+ 13. Be3 Ng4 14. Qd2 Nxe3 15.
fxe3 Bh6 16. Nd1 Nb4 17. Kf2 Qe7 18. Re1 Qe4 19. b3 Ba6 20. Rc1 Bxc4 21. Rxc4
Qd3 22. Rc3 Qxd2+ 23. Nxd2 Bg7 24. Kf3 Bxc3 25. Nxc3 Nd3 26. Rd1 Ne5+ 27. Kg3
d6 28. Nde4 Red8 29. Nb5 Ra6 30. Kf4 g5+ 31. Kxg5 h6+ 32. Kf5 Ng6 33. g3 Kg7
34. h4 Ne7+ 35. Kf4 Kg6 36. g4 h5 37. gxh5+ Kxh5 38. Ng3+ Kg6 39. e4 f6 40. h5+
Kf7 41. Rh1 Rh8 42. Nf1 f5 43. Ne3 fxe4 44. Kxe4 Nc8 45. Rf1+ Ke7 46. Nf5+ Kd8
47. Ng7 Na7 48. Ne6+ Kc8 49. Na3 Rxh5 50. Rf8+ Kd7 51. Nc4 Rh4+ 52. Kf5 1/2-1/2

[Event "22ème Open de Saint-Affrique"]
[Site "Saint Affrique (12)"]
[Date "2014.07.25"]
[Round "8.19"]
[White "Nguyen, Gael"]
[Black "El Mchaouri Mas, Younes"]
[Result "0-1"]
[WhiteElo "1670"]
[BlackElo "2049"]
[PlyCount "67"]
[EventDate "2014.??.??"]
[Source "Sylvain Rivier"]
[SourceDate "2014.07.26"]

1. d4 Nf6 2. c4 g6 3. Nc3 Bg7 4. e4 d6 5. Be2 O-O 6. Nf3 e5 7. O-O exd4 8. Nxd4
Re8 9. f3 c6 10. Be3 d5 11. cxd5 Nxd5 12. Nxd5 cxd5 13. Nc2 dxe4 14. Qxd8 Rxd8
15. Rad1 Rxd1 16. Rxd1 Nc6 17. fxe4 Bxb2 18. Bc4 Be5 19. Bh6 Bg4 20. Rf1 Be6
21. Bxe6 fxe6 22. Bg5 Rf8 23. Rd1 Bf4 24. Bh4 g5 25. Bf2 Bxh2+ 26. Kxh2 Rxf2
27. Ne3 Ne5 28. Rd8+ Rf8 29. Rd6 Kf7 30. Nc2 Ke7 31. Rd2 h5 32. Nb4 Rf4 33. Rc2
Ng4+ 34. Kg1 0-1

[Event "22ème Open de Saint-Affrique"]
[Site "Saint Affrique (12)"]
[Date "2014.07.25"]
[Round "8.20"]
[White "Raynal, Francois"]
[Black "Baudry, Remi"]
[Result "0-1"]
[WhiteElo "2008"]
[BlackElo "1770"]
[PlyCount "134"]
[EventDate "2014.??.??"]
[Source "Sylvain Rivier"]
[SourceDate "2014.07.26"]

1. e4 d6 2. d4 e5 3. dxe5 dxe5 4. Qxd8+ Kxd8 5. Nc3 Be6 6. Nf3 f6 7. Be2 c6 8.
O-O Nd7 9. a3 a5 10. Be3 Bc5 11. Bxc5 Nxc5 12. b4 Nd7 13. Nd2 Nh6 14. b5 Nf7
15. bxc6 bxc6 16. Bc4 Nc5 17. Rab1 Nd6 18. Bxe6 Nxe6 19. Rfd1 Kc7 20. Ne2 Rab8
21. f3 Nc5 22. Kf2 Na4 23. Rxb8 Rxb8 24. Rb1 Rxb1 25. Nxb1 Nc4 26. Nc1 Kb6 27.
Ke2 Kb5 28. g3 Nd6 29. Kd3 Nb2+ 30. Kc3 Nbc4 31. Kd3 Ka4 32. Nb3 Nb2+ 33. Kc3
Nd1+ 34. Kd2 Nf2 35. Nc5+ Kb5 36. Ne6 g5 37. Nf8 h5 38. Nc3+ Kc4 39. Nd7 Ne8
40. Nb8 Kc5 41. Ke3 Nh3 42. Nd7+ Kc4 43. Na4 g4 44. Nb8 Ng5 45. f4 Nf3 46. fxe5
fxe5 47. Nd7 Nd6 48. h4 Nb5 49. Nf6 Nxa3 50. Nxh5 Nxc2+ 51. Kf2 Kb4 52. Nb6 Kb5
53. Nf6 Kxb6 54. Nxg4 Ncd4 55. h5 a4 56. h6 Ng5 57. Nxe5 Kb5 58. Nd3 a3 59. Nc1
Kc4 60. Ke3 Nde6 61. e5 Kc3 62. Ke2 Kc2 63. Nd3 c5 64. Ne1+ Kb1 65. Kd3 a2 66.
Nc2 Nd4 67. Na3+ Kc1 0-1

[Event "22ème Open de Saint-Affrique"]
[Site "Saint Affrique (12)"]
[Date "2014.07.25"]
[Round "8.21"]
[White "Noireaut, Hung"]
[Black "Hernandez, Lara"]
[Result "1/2-1/2"]
[WhiteElo "2007"]
[BlackElo "1732"]
[PlyCount "75"]
[EventDate "2014.??.??"]
[Source "Sylvain Rivier"]
[SourceDate "2014.07.26"]

1. e4 d6 2. Nc3 g6 3. f4 e5 4. Nf3 Bg7 5. Bc4 Ne7 6. O-O O-O 7. d4 exf4 8. Ng5
c6 9. Bxf4 d5 10. exd5 cxd5 11. Bb3 Nbc6 12. Nf3 Be6 13. Ne2 a5 14. a4 Nf5 15.
Be5 Ne3 16. Qd2 Nxf1 17. Rxf1 Nxe5 18. dxe5 Qc7 19. Qd4 Rac8 20. Kh1 Qc5 21.
Qd2 Bg4 22. Ned4 Bxf3 23. Nxf3 Rcd8 24. Qf4 h6 25. c3 Qb6 26. Nd4 Qc7 27. Re1
Qe7 28. Qg3 Qg5 29. Qxg5 hxg5 30. g4 Rfe8 31. Nf3 Re6 32. Kg2 f6 33. Rd1 Rb6
34. Bxd5+ Kh7 35. Rd2 Kh6 36. e6 Rbd6 37. c4 Bf8 38. Nd4 1/2-1/2

[Event "22ème Open de Saint-Affrique"]
[Site "Saint Affrique (12)"]
[Date "2014.07.25"]
[Round "8.22"]
[White "Lopez, Andre"]
[Black "Zachary, Matheo"]
[Result "1/2-1/2"]
[WhiteElo "2003"]
[BlackElo "1701"]
[PlyCount "36"]
[EventDate "2014.??.??"]
[Source "Sylvain Rivier"]
[SourceDate "2014.07.26"]

1. d4 d5 2. c4 c6 3. Nc3 dxc4 4. e3 e5 5. Bxc4 exd4 6. exd4 Nf6 7. Nf3 Bd6 8.
O-O O-O 9. Bg5 Bg4 10. Qd3 Nbd7 11. d5 Bxf3 12. Qxf3 Ne5 13. Qe2 Nxc4 14. Bxf6
Qxf6 15. Qxc4 Qf4 16. Qxf4 Bxf4 17. dxc6 bxc6 18. Rfd1 Rfd8 1/2-1/2

[Event "22ème Open de Saint-Affrique"]
[Site "Saint Affrique (12)"]
[Date "2014.07.25"]
[Round "8.23"]
[White "Bouguerra, Tayeb"]
[Black "Sempe, Pierre"]
[Result "1-0"]
[WhiteElo "1906"]
[BlackElo "1659"]
[PlyCount "62"]
[EventDate "2014.??.??"]
[Source "Sylvain Rivier"]
[SourceDate "2014.07.26"]

1. d4 Nf6 2. Nc3 g6 3. Bg5 Bg7 4. Qd2 b5 5. Bxf6 Bxf6 6. Nxb5 O-O 7. Nf3 Nc6 8.
e3 Bb7 9. Be2 d6 10. O-O a6 11. Nc3 Qd7 12. Rad1 Rab8 13. b3 e6 14. Rfe1 Ne7
15. e4 Bg7 16. Bc4 Kh8 17. Qe2 Ra8 18. Na4 Kg8 19. Nc3 Rfb8 20. Qe3 Rd8 21. Qf4
Rf8 22. Qh4 d5 23. exd5 Nf5 24. Qe4 exd5 25. Bxd5 Rfe8 26. Ne5 Bxd5 27. Qxd5
Qxd5 28. Nxd5 Rad8 29. Nxc7 Re7 30. Nxa6 Bxe5 31. dxe5 Rxe5 {suite illisible}
1-0

[Event "22ème Open de Saint-Affrique"]
[Site "Saint Affrique (12)"]
[Date "2014.07.25"]
[Round "8.24"]
[White "Criticos, Kris"]
[Black "Penalver, Marion"]
[Result "0-1"]
[WhiteElo "1656"]
[BlackElo "1901"]
[PlyCount "84"]
[EventDate "2014.??.??"]
[Source "Sylvain Rivier"]
[SourceDate "2014.07.26"]

1. f4 Nf6 2. Nf3 g6 3. c3 c5 4. Qc2 Qc7 5. d3 d5 6. e4 Bg7 7. g3 O-O 8. Be3 b6
9. Nbd2 Nc6 10. Bg2 Ng4 11. Bg1 dxe4 12. dxe4 Bb7 13. h3 Nf6 14. O-O-O e6 15.
e5 Nd5 16. Ne4 Na5 17. Nd6 Bc6 18. Bf2 Nb7 19. Nxb7 Bxb7 20. Rhe1 Rac8 21. Ng5
Nb4 22. cxb4 cxb4 23. Qxc7 Rxc7+ 24. Kb1 Bxg2 25. Ne4 Bxh3 26. Nd6 Rd8 27. Rd4
Rcd7 28. Red1 f6 29. Nc4 Bf5+ 30. Kc1 Rxd4 31. Rxd4 Rc8 32. Kd1 fxe5 33. fxe5
Bb1 34. a3 bxa3 35. Nxa3 Bf5 36. Ra4 Bxe5 37. Rxa7 Bxb2 38. Bxb6 Be5 39. Bf2
Rd8+ 40. Ke1 Bg4 41. Bc5 Bxg3+ 42. Kf1 Bf3 0-1

[Event "22ème Open de Saint-Affrique"]
[Site "Saint Affrique (12)"]
[Date "2014.07.25"]
[Round "8.25"]
[White "Lazov, Stefan"]
[Black "Robic, Damien"]
[Result "1-0"]
[WhiteElo "1894"]
[BlackElo "1663"]
[PlyCount "59"]
[EventDate "2014.??.??"]
[Source "Sylvain Rivier"]
[SourceDate "2014.07.26"]

1. e4 e5 2. Nf3 Nc6 3. Bb5 a6 4. Ba4 Nf6 5. O-O Nxe4 6. d4 d5 7. Nxe5 Bd7 8.
Bxc6 Bxc6 9. Nxc6 bxc6 10. Re1 Bd6 11. Qg4 O-O 12. Nd2 f5 13. Qh3 c5 14. Nxe4
fxe4 15. Be3 cxd4 16. Bxd4 c5 17. Qe6+ Rf7 18. Be5 Bxe5 19. Qxe5 Qf6 20. Qxf6
Rxf6 21. Rad1 Raf8 22. Rd2 Rf5 23. c4 Rd8 24. Rxe4 d4 25. Re6 a5 26. f3 Ra8 27.
Kf2 Kf7 28. Rb6 Rf6 29. Rb5 Rf5 30. Rxd4 1-0

[Event "22ème Open de Saint-Affrique"]
[Site "Saint Affrique (12)"]
[Date "2014.07.25"]
[Round "8.26"]
[White "Grosse, Tomas"]
[Black "Lafitte, Luc"]
[Result "0-1"]
[WhiteElo "1627"]
[BlackElo "1867"]
[PlyCount "52"]
[EventDate "2014.??.??"]
[Source "Sylvain Rivier"]
[SourceDate "2014.07.26"]

1. d4 d5 2. Bf4 Nc6 3. e3 a6 4. c4 Nf6 5. Nc3 e6 6. c5 Be7 7. Nf3 O-O 8. h3 Ne4
9. Nxe4 dxe4 10. Ne5 Nb4 11. a3 Nd5 12. Bh2 f6 13. Nc4 b5 14. Na5 Qe8 15. Qc2
Qg6 16. Qb3 Bd7 17. c6 Be8 18. Rc1 Bf7 19. Kd2 e5 20. dxe5 Rad8 21. Ke1 Nf4 22.
Qc3 Nd3+ 23. Bxd3 Rxd3 24. Qxd3 exd3 25. exf6 Qxf6 26. Bxc7 Qxb2 0-1

[Event "22ème Open de Saint-Affrique"]
[Site "Saint Affrique (12)"]
[Date "2014.07.25"]
[Round "8.27"]
[White "Pottier, Simeon"]
[Black "Danielian, Kevin"]
[Result "0-1"]
[WhiteElo "1619"]
[BlackElo "1848"]
[PlyCount "44"]
[EventDate "2014.??.??"]
[Source "Sylvain Rivier"]
[SourceDate "2014.07.26"]

1. e4 c5 2. d4 cxd4 3. c3 d5 4. exd5 Qxd5 5. cxd4 Nc6 6. Nf3 Bg4 7. Nc3 Qh5 8.
Be2 Nf6 9. h3 e6 10. O-O Bxh3 11. gxh3 Qxh3 12. Bf4 g5 13. Bg3 Rg8 14. Ne5 h5
15. Nxc6 h4 16. Qa4 hxg3 17. Ne5+ Kd8 18. Nxf7+ Kc8 19. fxg3 Qxg3+ 20. Kh1 Rh8+
21. Nxh8 Bd6 22. Qc4+ Kb8 0-1

[Event "22ème Open de Saint-Affrique"]
[Site "Saint Affrique (12)"]
[Date "2014.07.25"]
[Round "8.28"]
[White "Bouchet, Jean-Louis"]
[Black "Jackson, Daniel"]
[Result "1/2-1/2"]
[WhiteElo "1795"]
[BlackElo "1657"]
[PlyCount "63"]
[EventDate "2014.??.??"]
[Source "Sylvain Rivier"]
[SourceDate "2014.07.26"]

1. Nf3 d5 2. d4 Nf6 3. c4 c6 4. Qc2 e6 5. a3 a5 6. Bg5 Nbd7 7. e3 h6 8. Bh4 Be7
9. Nc3 O-O 10. Bd3 dxc4 11. Bxc4 Nd5 12. Bg3 N7b6 13. Bd3 Bd6 14. Ne5 Re8 15.
Bh7+ Kf8 16. Nxf7 Kxf7 17. Bg6+ Kf8 18. Bxd6+ Qxd6 19. Bxe8 Kxe8 20. Qh7 Qf8
21. Ne2 Ne7 22. Qc2 Qf7 23. O-O Ng6 24. Ng3 Nd7 25. Ne4 Kf8 26. Nd6 Qf6 27. e4
Qxd4 28. Rad1 Qc5 29. Qd2 Nf6 30. Kh1 e5 31. f3 Nf4 32. b4 1/2-1/2

[Event "22ème Open de Saint-Affrique"]
[Site "Saint Affrique (12)"]
[Date "2014.07.25"]
[Round "8.29"]
[White "Penalver, Francois"]
[Black "Soissong, Elzbieta"]
[Result "1/2-1/2"]
[WhiteElo "1780"]
[BlackElo "1620"]
[PlyCount "40"]
[EventDate "2014.??.??"]
[Source "Sylvain Rivier"]
[SourceDate "2014.07.26"]

1. e4 d5 2. exd5 Qxd5 3. Nc3 Qa5 4. d4 Nf6 5. Bd2 Bg4 6. f3 Bd7 7. Ne4 Qb6 8.
Nxf6+ Qxf6 9. Bc3 Qe6+ 10. Ne2 Qd6 11. Qd2 e6 12. Ng3 Nc6 13. Bc4 O-O-O 14. Ne4
Qe7 15. O-O-O Nb4 16. Qe2 Bc6 17. Nc5 Kb8 18. Bxb4 Qg5+ 19. Kb1 Bd6 20. Bb5 Qd5
{suite illisible} 1/2-1/2